00770nam a2200253Ia 4500003000400000005001700004008004100021020001500062040001800077041000800095082001800103100001500121245004900136250000600185260003700191300002400228650004400252650002500296650003500321650003200356650002800388650005600416650004400472OSt20241127105348.0210716s2002 xx 000 0 und d a8177222279 cAIMIT LIBRARY aeng a005.74 bJAIV aJain, V K. aDatabase management systems /cBy Jain, V K. a1 aNew DelhibDreamtech Pressc2002 a448 p.;bPBc25 cm. aOverview of database management systems aRelational databases aUnforeseen scaleability issues aQuery optimisation overview aStandard query language aEmbedded sql and application programming interfaces aEntities attributes and relation models